Banderas de Países no Reconocidos - Estadísticas

Estadísticas generales
  • Esta prueba ha sido intentada 236 veces
  • La puntuación promedio es 3 de 5
Estadísticas de respuestas
Imagen Respuesta % Correcto
República de Abjasia
79%
Islas Canarias
74%
Osetia del Sur
65%
Somalilandia
61%
Artsaj
46%
No se encontraron pruebas coincidentes
Distribución de puntuación
Porcentaje de gente con cada puntuación
Porcentaje por número respondido
Historial de tus puntuaciones
No has intentado esta prueba.